| 000 | 00639nam a2200253Ia 4500 | ||
|---|---|---|---|
| 005 | 20250425162226.0 | ||
| 008 | 250425s9999 xx 000 0 und d | ||
| 020 | _a9284407729 | ||
| 041 | _aspa | ||
| 043 | _asp | ||
| 082 | _a338.4791 | ||
| 110 | _aORGANIZACION MUNDIAL DEL TURISMO | ||
| 245 | 0 | _aCOOPERACION Y ASOCIACIONES EN TURISMO: UNA PERSPECTIVA MUNDIAL | |
| 250 | _a1A. ED. | ||
| 260 |
_aEspaƱa _bORGANIZACION MUNDIAL DEL TURISMO _c2004 |
||
| 260 | _aMADRID | ||
| 300 | _a135 | ||
| 650 | _aASOCIACIONES | ||
| 650 | _aCOOPERACION | ||
| 650 | _aPERSPECTIVA | ||
| 650 | _aTURISMO | ||
| 942 | _c01 | ||
| 010 | _a57885 | ||
| 999 |
_c224882 _d224882 |
||